000 00530nam a2200193 a 4500
001 25117
003 CO-ViMGA
008 141112s2004 ck r 000 u spa d
020 _a8496388026
040 _aCO-ViMGA
_bspa
_cCO-ViMGA
090 _aPATg
100 1 _aPatacrúa, Perica
_94461
245 1 0 _aEl gato tragón /
_cPerica Patacrúa, ilustraciones Oliveiro Dumas
260 _aEspaña :
_bKalandraka,
_c2004
300 _a[26] p.
490 0 _aLibros para soñar
650 1 4 _aLiteratura infantil
_92746
942 _2ddc
_cBK
999 _c10303
_d10303